| 000 | 00637nam a2200217 i 4500 | ||
|---|---|---|---|
| 001 | 27686 | ||
| 003 | ES-MaACL | ||
| 005 | 20230906153702.0 | ||
| 007 | t| | ||
| 008 | 030115s1976 sp ||||1| spa d | ||
| 100 | 1 |
_aArbib, Michael A. _922394 |
|
| 245 | 1 | 0 |
_aCerebros, máquinas y matemáticas / _cMichael A. ; versión... de Eva Sánchez Mañes. |
| 260 |
_aMadrid : _bAlianza, _c[1976] |
||
| 300 |
_a165 p. ; _c20 cm. |
||
| 490 | 1 | _aAlianza universidad | |
| 650 | 0 | 4 |
_aCibernética. _910920 |
| 700 | 1 |
_aSánchez Mañes, Eva. _9102750 |
|
| 830 | 0 |
_aAlianza universidad _9177276 |
|
| 852 |
_aES-MaACL _jA-5724 |
||
| 999 |
_c27686 _d27686 |
||